00472nam a22001697a 450000500170000001000150001702000260003203500140005803700130007208200110008510000150009624500640011126000400017527000340021530000320024970000210028120170630154939.0 aENG-118720 a9788192060816c290.00 aEN-102252 bDBAD/PUB a657.42 aPrasad, G. aCost accounting /cby C. Prem Chander [and] K.S.R.K. Prasad aGunturbJai Bharat Publishersc2013 a2/18 Brodiepet, Guntur-522002 aVarious pagingsc28cm.(pbk) a K.S.R.K. Prasad